[Event "36th Mitropa Cup Open 2018"]
[Site "Isola Capo Rizzuto"]
[Date "2018.05.31"]
[Round "1.9"]
[White "Tomazini, Zan"]
[Black "Huschenbeth, Niclas"]
[Result "0-1"]
[WhiteElo "2415"]
[BlackElo "2571"]
[Annotator "TA"]
[PlyCount "100"]
[EventDate "2018.05.31"]
[EventType "team-tourn"]
[EventCountry "ITA"]
[SourceTitle "playchess.com"]
[Source "ChessBase"]
[SourceQuality "1"]
[WhiteTeam "Slovenia"]
[BlackTeam "Germany"]
[WhiteTeamCountry "SLO"]
[BlackTeamCountry "GER"]

{[%evp 20,100,0,-9,0,-8,0,-17,-14,-11,-9,-27,-18,-35,0,0,0,0,0,-127,-132,-135,-98,-106,-106,-106,-106,-106,-100,-100,-99,-98,-105,-106,-106,-107,-93,-107,-107,-114,-107,-122,-111,-119,-119,-120,-122,-116,-114,-124,-102,-114,-103,-130,-122,-119,-120,-134,-134,-216,-224,-223,-120,-215,-219,-255,-255,-256,-254,-187,-202,-444,-429,-882,-827,-1515,-1383,-12839,-12839,-12840,-12838,-12837,-12832]} 1. e4 {[%cal Be2e4,Be4e5][%mdl 32]} c5 2. c3 Nf6 3. e5 Nd5 4. d4 cxd4 5. Nf3 Nc6 6. cxd4 d6 7. Bc4 dxe5 8. Nxe5 e6 9. O-O Be7 10. Nf3 O-O 11. Nc3 a6 {B22: Sicilian: 2 c3} (11... Bf6 12. Ne4 Be7 13. Re1 b6 14. a3 Bb7 15. Ba2 Rc8 16. Qd3 Re8 17. Bd2 h6 18. Rad1 Bf8 19. Bb1 {1-0 (41) Kovalenko,I (2639)-Markowski,T (2558) Bialystok 2017}) 12. Bb3 Nf6 13. Re1 Na5 {The position is equal.} 14. Bc2 b5 15. Ne5 Bb7 16. Bg5 Rc8 17. Qd3 g6 $1 18. Bh6 $146 ({Predecessor:} 18. Rac1 Nc4 19. Nxc4 Rxc4 {1-0 (72) Schuster,P (2172)-Delfs,G (2246) GER corr 1999}) 18... Re8 19. Qe2 (19. Qh3 $11) 19... Qxd4 $17 20. Rad1 Qh4 21. Nxf7 {Threatens to win with Bg5.} Qg4 $1 {[%csl Gb7][%cal Rg4g2]} 22. f3 Bxf3 23. Qxf3 Qxf3 24. gxf3 {Hoping for Nd6.} Kxf7 25. Re2 Nc4 26. Ne4 Nxe4 27. Bxe4 Red8 28. Rf1 Bf6 29. b3 Nd6 30. Bf4 Bd4+ 31. Kg2 Nxe4 32. fxe4 Kg7 33. Bg5 Rf8 34. Rxf8 Kxf8 {[%mdl 4096] Endgame KRB-KRB} 35. e5 Rc5 36. Bf6 Ke8 37. Kf3 Bc3 38. h4 Rd5 39. Ke4 {[#]} (39. Rc2 $17 {keeps fighting.} b4 40. Kf4) 39... Rd2 $1 $19 {[%cal Rd2e2]} 40. Re3 Rd4+ 41. Kf3 {[#]} b4 $1 42. Re2 Rd2 43. Rxd2 Bxd2 {KB-KB} 44. Ke2 Bh6 45. Kd3 $2 (45. Kf3) 45... Bf8 {Black is clearly winning.} 46. Kc4 (46. Bg5 $142 Kd7 47. Ke4) 46... h5 47. Kd4 Be7 48. Bxe7 Kxe7 49. Ke4 Kf7 50. Kf4 Kg8 {Precision: White = 35%, Black = 86%.} 0-1

[Event "36th Mitropa Cup Open 2018"]
[Site "Isola Capo Rizzuto"]
[Date "2018.05.31"]
[Round "1.10"]
[White "Kollars, Dmitrij"]
[Black "Drnovsek, Gal"]
[Result "1-0"]
[WhiteElo "2541"]
[BlackElo "2403"]
[Annotator "TA"]
[PlyCount "83"]
[EventDate "2018.05.31"]
[EventType "team-tourn"]
[EventCountry "ITA"]
[SourceTitle "playchess.com"]
[Source "ChessBase"]
[SourceQuality "1"]
[WhiteTeam "Germany"]
[BlackTeam "Slovenia"]
[WhiteTeamCountry "GER"]
[BlackTeamCountry "SLO"]

{[%evp 15,83,17,22,8,24,20,42,0,22,22,18,-11,0,0,0,1,7,0,43,45,63,57,56,62,58,51,85,71,97,97,93,90,91,97,97,97,100,97,85,102,170,109,110,111,200,208,196,196,272,245,279,287,341,362,347,348,333,328,435,364,475,460,905,854,954,919,883,866,7052,7033]} 1. e4 c5 2. Nf3 d6 3. Bb5+ Nd7 4. a4 Ngf6 5. Nc3 e6 (5... a6 6. Be2 b6 7. O-O Bb7 8. Re1 g6 9. d4 cxd4 10. Nxd4 Bg7 11. Bg5 h6 12. Bh4 O-O 13. Bc4 {1-0 (36) Jones,G (2651)-Inarkiev,E (2684) Batumi 2018}) 6. O-O {B51: Sicilian: Moscow Variation (3 Bb5+) without 3...Bd7} Be7 7. d4 cxd4 8. Qxd4 O-O {LiveBook: 3 Games} 9. Rd1 a6 {[#] Hoping for ...e5.} 10. Be2 Qc7 11. Bg5 $146 ({Predecessor:} 11. Be3 b6 12. Nd2 Bb7 13. Nc4 {1-0 (44) Praggnanandhaa,R (2507)-Shailesh,D (2246) Reykjavik 2018}) 11... b6 12. Nd2 {[%cal Bf3d2,Bd2f1,Bf1e3][%mdl 32]} Ne5 13. Nf1 Bb7 14. Bxf6 Nc6 15. Qd2 {[#] Bxe7 is the strong threat.} Bxf6 16. Qxd6 Rac8 17. Ne3 $36 {[%mdl 2048] White has some pressure.} Na5 18. Rab1 Be5 19. Qxc7 Rxc7 20. Bd3 Ra8 21. Ne2 g6 22. b4 Nc6 23. Nc4 {Strongly threatening b5.} b5 24. axb5 axb5 25. Nxe5 Nxe5 26. Nd4 ({Much worse is} 26. Bxb5 Bxe4 27. Bd3 Bxd3 $14) 26... Nxd3 27. cxd3 Rd8 (27... e5 $16) 28. Nb3 ({White should play} 28. Nxb5 $18 Rcd7 29. Nc3) 28... Rc2 $16 29. Rdc1 Rdc8 (29... Ra2 $16) 30. Nc5 $18 Rxc1+ 31. Rxc1 {[%mdl 4096] Endgame KRB-KRN} Kg7 (31... e5 $142 32. Ra1 Bc6) 32. f4 Kf6 33. Kf2 Ke7 34. Ra1 Ra8 35. Rxa8 Bxa8 {KB-KN} 36. Ke3 f6 37. Kd4 g5 38. g3 {White is clearly winning.} Kd6 (38... Bc6 $142 39. Nb3 Be8 40. fxg5 fxg5) 39. e5+ fxe5+ 40. fxe5+ Ke7 41. Ne4 Bxe4 42. dxe4 {Precision: White = 84%, Black = 33%.} 1-0

[Event "36th Mitropa Cup Open 2018"]
[Site "Isola Capo Rizzuto"]
[Date "2018.05.31"]
[Round "1.11"]
[White "Janzelj, Tim"]
[Black "Vogel, Roven"]
[Result "0-1"]
[WhiteElo "2420"]
[BlackElo "2449"]
[Annotator "TA"]
[PlyCount "119"]
[EventDate "2018.05.31"]
[EventType "team-tourn"]
[EventCountry "ITA"]
[SourceTitle "playchess.com"]
[Source "ChessBase"]
[SourceQuality "1"]
[WhiteTeam "Slovenia"]
[BlackTeam "Germany"]
[WhiteTeamCountry "SLO"]
[BlackTeamCountry "GER"]

{[%evp 14,119,0,0,0,0,0,0,0,-13,-12,-10,16,10,42,17,61,63,64,47,56,50,54,0,0,0,0,0,0,0,0,-128,-108,-150,-67,-77,-68,-64,-74,-62,-57,-72,-65,-63,-24,-32,-40,-29,-26,-45,-42,-54,-47,-60,-54,-85,-93,-97,-72,-83,-29,-70,-50,-144,-146,-166,-141,-154,-97,-141,-162,-219,-219,-219,-219,-221,-222,-292,-287,-318,-320,-335,-326,-367,-363,-365,-356,-346,-321,-439,-429,-476,-387,-383,-370,-454,-439,-514,-504,-668,-677,-671,-651,-689,-599,-611,-729,-555]} 1. e4 e5 2. Nf3 Nc6 3. Bc4 Nf6 4. d3 Be7 5. c3 O-O 6. Bb3 d5 {C55: Two Knights: 4 d3, 4 d4 exd4 5 e5 and Max Lange Attack} (6... d6 7. O-O Na5 8. Bc2 c5 9. d4 cxd4 10. cxd4 Nc6 11. d5 Nb4 12. Bb3 a5 13. a3 Na6 14. Bc2 Bd7 15. Bd2 a4 16. Re1 b5 {0-1 (48) Tiviakov,S (2639)-Nikolic,P (2601) Leiden 2015}) 7. Qe2 Be6 8. Nbd2 {LiveBook: 7 Games} a6 {The position is equal.} 9. O-O Re8 10. Re1 $146 ({Predecessor:} 10. Ng5 Bg4 11. Ndf3 Na5 12. h3 Nxb3 13. axb3 Bxf3 14. Nxf3 {½-½ (31) Kurilin,A (2299)-Gavritenkov,S (2412) Tula 2010}) 10... Qd7 11. Nf1 Rad8 12. Ng3 d4 13. Bxe6 fxe6 14. cxd4 exd4 15. Bd2 e5 16. Rac1 Bd6 17. Qd1 {And now Qb3+ would win.} Qf7 18. Ng5 (18. Nf5 $14) 18... Qxa2 $11 19. Ra1 Qxb2 20. Rb1 Qa2 21. Ra1 Qb2 22. Bc1 (22. Rb1 $11 Qa2 23. Re2) 22... Qb5 $1 $17 ({Inferior is} 22... Qxa1 23. Qb3+ Nd5 24. Qxd5+ Re6 25. Qxe6+ Kh8 26. Nf7+ Kg8 27. Nxd8+ Kh8 28. Qe8+ Bf8 29. Qxf8#) (22... Qc3 23. Ne2 $16) 23. Re2 Rd7 (23... h6 $17 24. Rb2 Nb4 25. Qb3+ Nfd5 26. exd5 hxg5 27. Bxg5 Nxd3 28. Qxb5 axb5) 24. Rb2 $15 Nb4 25. Qb3+ $1 Kh8 26. Nf7+ {[#]} Rxf7 $1 27. Qxf7 {Hoping for Nf5.} Rf8 ({Not} 27... Qxd3 $2 28. Bh6 $1 $18 {[%mdl 512]}) 28. Qb3 $1 Nxd3 (28... b6 {is interesting.} 29. Ra3 a5 30. Bd2 Qd7 31. Nf5 Na6) 29. Qxb5 axb5 30. Rxb5 b6 31. Bg5 g6 32. f3 Nd7 $36 {[%mdl 2048] White is under pressure.} 33. Ne2 N3c5 34. Bh6 Rc8 35. Rbb1 Ne6 36. Ra7 {[#]} b5 $1 {[%mdl 512]} 37. Rxb5 Bc5 38. Rxc5 (38. Ra2 $15) 38... Ndxc5 $17 39. Nc1 g5 40. Ra5 {[#]} d3 (40... g4 $142 $1 {[%mdl 512]} 41. Na2 (41. fxg4 Kg8) 41... Rb8) 41. Ra2 Rg8 42. Kf2 {[#]} (42. h4 {is a better defense.}) 42... d2 $1 $19 {[%cal Rd2c1][%mdl 512]} 43. Rxd2 Rg6 44. Bxg5 Rxg5 ({Resist} 44... Nxg5 45. Rd5 $17) 45. g3 Rg8 46. Ke3 Rb8 47. Rc2 Rb4 48. Ra2 Kg7 49. Rc2 Kf6 50. Rc3 Rb2 51. Ne2 Ke7 52. Rc4 Rb3+ 53. Rc3 Rb4 54. Nc1 Rb2 {Black is clearly winning.} 55. Ne2 Nb3 56. f4 Nbd4 57. Nc1 Rxh2 58. f5 Rg2 59. fxe6 Rxg3+ 60. Kd2 {Precision: White = 41%, Black = 79%.} 0-1

[Event "36th Mitropa Cup Open 2018"]
[Site "Isola Capo Rizzuto"]
[Date "2018.05.31"]
[Round "1.12"]
[White "Perske, Thore"]
[Black "Dobrovoljc, Vid"]
[Result "0-1"]
[WhiteElo "2451"]
[BlackElo "2294"]
[Annotator "TA"]
[PlyCount "117"]
[EventDate "2018.05.31"]
[EventType "team-tourn"]
[EventCountry "ITA"]
[SourceTitle "playchess.com"]
[Source "ChessBase"]
[SourceQuality "1"]
[WhiteTeam "Germany"]
[BlackTeam "Slovenia"]
[WhiteTeamCountry "GER"]
[BlackTeamCountry "SLO"]

{[%evp 9,117,0,0,0,-1,-16,0,0,5,6,28,6,17,18,25,0,0,-70,-54,-56,-27,-21,-30,-40,-27,-28,6,-43,-4,-5,47,0,0,-74,-75,-65,-56,-73,14,-33,0,-31,-16,-44,0,-49,-45,-60,-82,-187,-187,-215,-210,-236,-137,-181,-151,-253,-208,-220,-212,-212,-208,-220,-212,-212,-160,-139,-142,-262,-220,-238,-315,-300,-284,-294,-282,-208,0,0,0,0,0,0,0,0,0,-12851,-12851,-12851,-12851,-12851,-12851,-12851,-12851,-12851,-12851,-12851,-12851,-12851,-12851,-12851,-12851,-12851,-12851,-12851,-12851,-12851,-12851,-12851]} 1. e4 c5 2. Nc3 d6 3. d4 cxd4 4. Qxd4 Nc6 5. Qd2 Nf6 6. b3 {B23: Closed Sicilian: Lines without g3} e6 7. Bb2 a6 8. O-O-O {The position is equal.} b5 9. f3 Qc7 $146 ({Predecessor:} 9... h5 10. Nh3 Be7 11. Ng5 {1-0 (31) Carlsen,M (2843)-Wojtaszek,R (2744) Shamkir 2018}) 10. Nge2 b4 11. Na4 Bd7 12. g4 Ne5 13. Nd4 (13. Qxb4 $11 Rc8 14. Nd4 Nxf3 15. Qc3 Nxd4 16. Rxd4) 13... Bxa4 $1 $15 14. bxa4 Nc4 15. Bxc4 $1 Qxc4 16. Nb3 Nd7 17. Kb1 Rb8 18. h4 Qc6 19. h5 Ne5 ({Black should play} 19... h6 $11) 20. Bxe5 (20. Na5 $5 {[%cal Ra5c6]} Qxa4 21. Bxe5 dxe5 22. Nc4 $14) 20... dxe5 21. a5 (21. Na5 $11 {remains equal.} Qc7 22. h6) 21... Be7 $17 22. g5 Rd8 $36 {[%mdl 2048] Black is more active.} 23. Qe3 h6 (23... O-O $17) 24. g6 fxg6 25. hxg6 O-O (25... Rc8 $5 {[%cal Rc6c2]} 26. Qe2 O-O $15) 26. Qa7 Rc8 27. Rh2 Rc7 28. Qe3 Rf6 {[%cal Bf8f6,Bf6g6,Bg6g3][%mdl 32]} 29. Qb6 (29. Rg1 $17) 29... Rxg6 $19 ({But not} 29... Rxf3 30. Qxc6 Rxc6 31. Rhd2 $17) 30. Qxc6 Rxc6 31. Rd7 Bc5 (31... Rg1+ $19 32. Kb2 Bg5) 32. Rb7 Rg3 33. Rd2 (33. Nxc5 $17 Rxc5 34. Rxb4) 33... Rxf3 34. Nxc5 Rxc5 {[%mdl 4096] Endgame KRR-KRR} 35. Rg2 Rf7 ({Not} 35... Rxa5 36. Rgxg7+ Kf8 37. Rh7 $11) 36. Rb6 Rxa5 37. Rxe6 Rc5 38. Rxh6 {[#]} Rf2 $1 {[%cal Rf2g2][%mdl 512]} 39. Rxf2 (39. Rg5 $17 {was worth a try.}) 39... gxh6 $17 {KR-KR} 40. Rf6 {[#]} Kg7 $1 {[%cal Rg7f6]} 41. Rxa6 Rc4 42. a4 bxa3 $1 ({Weaker is} 42... Rxe4 43. Rb6 $11) 43. Rxa3 Kg6 $2 ({Black should try} 43... Rxe4 $19 {Hoping for ...h5.} 44. Rh3 Kg6 45. Rg3+ Kf5) 44. Rg3+ $11 Kh5 45. c3 Kh4 46. Rg6 Rxc3 $2 {[%mdl 8192]} (46... h5 $11 47. Kc2 Rxe4) 47. Rxh6+ $19 Kg5 48. Rh8 $2 {[%mdl 8192]} (48. Rh1 $11) 48... Rc4 {Black is clearly winning.} 49. Kb2 Kf4 50. Kb3 Rc7 51. Rh4+ Ke3 52. Kb2 Kd3 53. Kb1 Rc8 54. Kb2 Rc2+ 55. Kb3 Re2 56. Rh8 Rxe4 57. Kb2 Rc4 58. Rh3+ Kd4 59. Rh4+ {Precision: White = 44%, Black = 53%.} 0-1

[Event "36th Mitropa Cup Open 2018"]
[Site "Isola Capo Rizzuto"]
[Date "2018.05.31"]
[Round "1.13"]
[White "Studer, Noel"]
[Black "Repka, Christopher"]
[Result "1/2-1/2"]
[WhiteElo "2477"]
[BlackElo "2534"]
[Annotator "TA"]
[PlyCount "64"]
[EventDate "2018.05.31"]
[EventType "team-tourn"]
[EventCountry "ITA"]
[SourceTitle "playchess.com"]
[Source "ChessBase"]
[SourceQuality "1"]
[WhiteTeam "Switzerland"]
[BlackTeam "Slovakia"]
[WhiteTeamCountry "SUI"]
[BlackTeamCountry "SVK"]

{[%evp 9,64,3,9,-12,0,-2,-1,-6,0,-6,-6,-6,12,0,12,12,11,0,12,2,12,14,23,18,18,16,27,29,31,18,19,6,15,-21,-14,-29,-35,-57,-30,-164,-159,-101,-106,-110,-105,-99,0,0,14,14,18,0,0,0,0,0,51]} 1. d4 Nf6 2. c4 e6 3. Nf3 d5 4. g3 Be7 5. Bg2 O-O 6. Qb3 {E06: Closed Catalan: Early deviations} (6. O-O dxc4 7. Qc2 a6 8. a4 Bd7 9. Bg5 Bc6 10. Rd1 b5 11. Bxf6 Bxf6 12. Nc3 Qe8 13. d5 exd5 14. Nd4 Qe5 15. e4 dxe4 16. axb5 axb5 17. Nxc6 Nxc6 18. Rxa8 Rxa8 19. Qxe4 Qxe4 20. Bxe4 {½-½ (32) Wojtaszek,R (2744)-Giri,A (2777) Shamkir 2018}) 6... c5 7. cxd5 exd5 8. dxc5 Na6 9. O-O Nxc5 10. Qd1 Bf5 $146 ({Predecessor:} 10... Bg4 11. Be3 Rc8 12. Nc3 a6 13. Ne5 Be6 {½-½ (57) Kortschnoj,V (2626)-Pelletier,Y (2571) Biel 2002}) 11. Be3 Rc8 12. Nc3 Nce4 13. Bd4 Nxc3 14. Bxc3 Ne4 15. Bd4 Qa5 16. Qb3 b6 17. Rfc1 Be6 18. a3 Nc5 19. Qe3 Qb5 20. Nd2 h6 21. b3 Rfe8 22. a4 Qb4 23. Bc3 Qg4 $1 24. Qd4 (24. a5 $11) 24... Qg6 $1 $19 25. a5 Bf6 26. Qb4 {[#]} d4 $1 {[%cal Rd4c3][%mdl 512]} 27. Bxd4 {[#]} Qg4 (27... Na6 $1 $17 {[%cal Ra6b4]} 28. Rxc8 Rxc8) 28. e3 $11 {The position is equal.} bxa5 29. Qxa5 {Hoping for Bxf6.} Bxd4 30. Bf3 Nxb3 31. Nxb3 Qxf3 32. Nxd4 Qd5 {Precision: White = 52%, Black = 54%.} (32... Qa8 $11) 1/2-1/2

[Event "36th Mitropa Cup Open 2018"]
[Site "Isola Capo Rizzuto"]
[Date "2018.05.31"]
[Round "1.14"]
[White "Nayhebaver, Martin"]
[Black "Gaehwiler, Gabriel"]
[Result "1-0"]
[WhiteElo "2471"]
[BlackElo "2423"]
[Annotator "TA"]
[PlyCount "44"]
[EventDate "2018.05.31"]
[EventType "team-tourn"]
[EventCountry "ITA"]
[SourceTitle "playchess.com"]
[Source "ChessBase"]
[SourceQuality "1"]
[WhiteTeam "Slovakia"]
[BlackTeam "Switzerland"]
[WhiteTeamCountry "SVK"]
[BlackTeamCountry "SUI"]

{[%evp 16,44,88,83,107,120,115,117,120,102,169,144,345,345,348,343,332,320,340,323,433,433,423,418,414,409,818,821,817,813,29970]} 1. e4 e5 2. Nf3 Nf6 3. Nxe5 d6 4. Nf3 Nxe4 5. c4 Be7 6. d4 O-O 7. Bd3 Ng5 8. Nc3 {C42: Petroff Defence: 3 Nxe5 and unusual White 3rd moves} Bg4 9. Bxg5 {LiveBook: 4 Games} Bxf3 $146 ({Predecessor:} 9... Bxg5 10. Bxh7+ Kxh7 11. h4 Bd2+ 12. Qxd2 Re8+ 13. Kf1 Bxf3 14. Qd3+ Kg8 15. Qxf3 Nd7 {1-0 (32) Nepomniachtchi,I (2703)-Sjugirov,S (2674) Sochi 2016}) 10. Qxf3 {White is better.} Bxg5 11. Qxb7 Re8+ 12. Ne4 d5 (12... Nd7 $16) 13. cxd5 $18 {[%cal Bc4d5,Bd5d6][%mdl 32]} f5 $2 {[#]} (13... Nd7 $16) 14. Qxa8 fxe4 15. Bc4 e3 16. O-O (16. Qxa7 exf2+ 17. Kf1 Kh8 $16) 16... exf2+ {[#]} 17. Kh1 $1 ({Less strong is} 17. Rxf2 Be3 $16) 17... Be3 18. d6+ Kh8 19. Bf7 Rf8 20. Qe4 Qxd6 (20... Bg5 $142 21. dxc7 Qxc7 22. Rxf2 Nd7) 21. Qxe3 Rxf7 22. Rxf2 Qd8 1-0

[Event "36th Mitropa Cup Open 2018"]
[Site "Isola Capo Rizzuto"]
[Date "2018.05.31"]
[Round "1.15"]
[White "Baenziger, Fabian"]
[Black "Jablonicky, Martin"]
[Result "1-0"]
[WhiteElo "2377"]
[BlackElo "2349"]
[Annotator "RC"]
[PlyCount "55"]
[EventDate "2018.05.31"]
[EventType "team-tourn"]
[EventCountry "ITA"]
[SourceTitle "playchess.com"]
[Source "ChessBase"]
[SourceQuality "1"]
[WhiteTeam "Switzerland"]
[BlackTeam "Slovakia"]
[WhiteTeamCountry "SUI"]
[BlackTeamCountry "SVK"]
[TimeControl "40/5400+30:1800+30"]

1. d4 {[%emt 0:00:00]} Nf6 {[%emt 0:00:05]} 2. Nf3 {[%emt 0:00:08]} g6 {[%emt 0:00:13]} 3. c4 {[%emt 0:00:30]} Bg7 {[%emt 0:00:07]} 4. g3 {[%emt 0:00:06]} O-O {[%emt 0:00:07]} 5. Bg2 {[%emt 0:00:06]} d6 {[%emt 0:00:40]} 6. Nc3 {[%emt 0:00:11]} c6 {[%emt 0:01:08]} 7. O-O {[%emt 0:00:12]} Bf5 {[%emt 0:00:34]} 8. Ng5 {[%emt 0:01:31]} d5 {[%emt 0:04:55]} 9. Qb3 {[%emt 0:01:55]} Qb6 {[%emt 0:01:05]} 10. cxd5 {[%emt 0:05:33]} cxd5 {[%emt 0:00:05]} 11. Nxd5 {[%emt 0:09:14]} Nxd5 {[%emt 0:00:07]} 12. Bxd5 {[%emt 0:00:41]} Qxb3 {[%emt 0:00:05]} 13. axb3 {[%emt 0:00:48]} Nc6 {[%emt 0:00:07]} 14. e3 {[%emt 0:00:05]} e5 {[%emt 0:04:36]} 15. dxe5 {[%emt 0:03:17]} Bxe5 {[%emt 0:00:15]} 16. f4 {[%emt 0:16:03]} Bg7 {[%emt 0:01:49]} 17. e4 {[%emt 0:00:13]} Bc8 {[%emt 0:03:29]} 18. e5 {[%emt 0:02:26]} h6 {[%emt 0:12:59]} 19. Ne4 {[%emt 0:01:46]} Nb4 {[%emt 0:17:58]} 20. Bc4 {[%emt 0:03:08]} Bh3 {[%emt 0:01:18]} 21. Rf2 {[%emt 0:00:25]} Rfd8 {[%emt 0:17:13]} 22. Be3 {[%emt 0:06:23]} Bf8 {[%emt 0:00:42]} 23. g4 {[%emt 0:07:26]} Kg7 {[%emt 0:00:24]} 24. f5 {[%emt 0:00:18]} Nd5 {[%emt 0:13:13]} 25. Bd4 {[%emt 0:03:24]} Nb6 {[%emt 0:05:40]} 26. Bc3 {[%emt 0:01:14]} Nxc4 {[%emt 0:04:15]} 27. e6+ {[%emt 0:01:03]} Kh7 {[%emt 0:00:06]} 28. fxg6+ {[%emt 0:01:43]} 1-0

[Event "36th Mitropa Cup Open 2018"]
[Site "Isola Capo Rizzuto"]
[Date "2018.05.31"]
[Round "1.16"]
[White "Haring, Filip"]
[Black "Jenni, Florian"]
[Result "0-1"]
[WhiteElo "2339"]
[BlackElo "2441"]
[Annotator "TA"]
[PlyCount "72"]
[EventDate "2018.05.31"]
[EventType "team-tourn"]
[EventCountry "ITA"]
[SourceTitle "playchess.com"]
[Source "ChessBase"]
[SourceQuality "1"]
[WhiteTeam "Slovakia"]
[BlackTeam "Switzerland"]
[WhiteTeamCountry "SVK"]
[BlackTeamCountry "SUI"]

{[%evp 13,72,-19,22,-29,-29,-62,-27,-35,10,19,26,0,0,-151,-156,-166,-56,-43,-28,-26,-30,-45,-37,-35,-31,-72,-69,-119,0,-102,-100,-269,-266,-271,-280,-577,-334,-343,-276,-272,-269,-253,-234,-737,-764,-1175,-1139,-1464,-1495,-1469,-1460,-29988,-29989,-29993,-29994,-29996,-29993,-29993,-29993,-29994,-29995]} 1. e4 e5 2. Nc3 Nf6 3. f4 d5 4. fxe5 Nxe4 5. Nf3 Be7 6. Qe2 f5 7. d3 Nc5 8. g3 {C29: Vienna Game: 2...Nf6 3 f4} (8. Be3 $142) (8. Be3 Ne6 9. d4 O-O 10. Qd2 c6 11. g3 b5 12. Ne2 Nd7 13. Nf4 Nb6 14. b3 a5 15. Bd3 a4 {1-0 (30) Andreikin,D (2573)-Romanov,E (2543) St Petersburg 2008}) 8... d4 $11 9. Nb5 Ne6 10. c3 $146 {[%cal Rf3d4] Black has an edge.} ({Predecessor:} 10. Bg2 O-O 11. O-O a6 12. Na3 c5 13. Bd2 Nc6 14. c4 Rb8 15. Nc2 b5 {0-1 (29) Kohoutek,B-Dihm,D Germany 1986}) 10... c5 11. Bg2 O-O 12. c4 Nc6 13. h4 $2 ({White should play} 13. Bd2 $11) 13... a6 $17 14. Na3 Bd7 {[#]} (14... f4 $19 15. g4 Nc7) 15. Ng5 $1 $15 {[%mdl 512]} Bxg5 (15... Nxg5 16. hxg5) 16. hxg5 Be8 ({Don't play} 16... Nxg5 $6 17. Qh5 $16) 17. Bd5 Qd7 ({Avoid the trap} 17... Bf7 $2 18. g6 $1 $18 {[%mdl 512]}) 18. Bf4 Rb8 19. O-O-O Nb4 20. Bf3 Bg6 (20... Nxa2+ $17 21. Kb1 Nb4) 21. Nc2 (21. Kb1 $11) 21... Nxa2+ $17 22. Kb1 $2 {[#]} (22. Kd2 $17 {was forced.}) 22... Qa4 $1 $19 23. Bd5 {[#]} Rfe8 $1 {Hoping for ...b5.} 24. Bc1 $2 (24. Qg2 {is a better defense.}) 24... Qb3 {( -> ...Nc3+)} 25. Bd2 b5 {White must now prevent ...bxc4.} 26. Na1 Qa4 27. cxb5 Qxb5 $40 {[%csl Gb8][%cal Rb5b2][%mdl 128] White is in trouble.} 28. Nb3 $2 (28. b3 Nc3+ 29. Bxc3 dxc3 30. Qc2) 28... f4 {aiming for ...c4.} 29. Be1 c4 {[%cal Bc5c4,Bc4d3][%mdl 32]} 30. Bxe6+ Rxe6 31. Nxd4 cxd3 32. Qd2 Qa4 {Black mates.} 33. Bf2 Reb6 34. gxf4 Nb4 {[%cal Ba2b4,Bb4c2,Bc2d4][%mdl 32]} 35. b3 Nc2 {[%csl Gc2][%cal Ra4a1]} 36. Qc3 Nxd4 {Precision: White = 26%, Black = 75%.} 0-1

[Event "36th Mitropa Cup Open 2018"]
[Site "Isola Capo Rizzuto"]
[Date "2018.05.31"]
[Round "1.17"]
[White "Vocaturo, Daniele"]
[Black "Hracek, Zbynek"]
[Result "1-0"]
[WhiteElo "2616"]
[BlackElo "2582"]
[Annotator "TA"]
[PlyCount "71"]
[EventDate "2018.05.31"]
[EventType "team-tourn"]
[EventCountry "ITA"]
[SourceTitle "playchess.com"]
[Source "ChessBase"]
[SourceQuality "1"]
[WhiteTeam "Italy"]
[BlackTeam "Czech Republic"]
[WhiteTeamCountry "ITA"]
[BlackTeamCountry "CZE"]

{[%evp 24,71,16,9,13,13,68,62,95,56,111,94,110,114,134,129,142,133,125,121,156,150,159,152,164,160,176,160,200,175,212,212,214,199,197,200,391,368,461,469,512,525,518,511,569,568,524,550,555,554]} 1. d4 d5 2. c4 e6 3. Nf3 Nf6 4. Bg5 Be7 5. Nc3 O-O 6. e3 h6 7. Bh4 Nbd7 8. Qc2 c5 9. Rd1 Qa5 10. cxd5 {D61: Damengambit (Hauptvariante mit 7.Dc2)} Nxd5 11. Bxe7 Nxe7 12. Be2 Nf6 13. O-O {LiveBook: 6 Partien} Bd7 (13... cxd4 14. Rxd4 Nc6 15. Rd2 Bd7 16. Rfd1 Rfd8 17. Qb3 Rab8 {½-½ (49) So,W (2770)-Kramnik,V (2812) Leuven 2016}) 14. Ne5 Bc6 $146 (14... Rfd8 $11) ({Vorgänger:} 14... Rad8 15. dxc5 Qxc5 16. Nxd7 Nxd7 17. Qb3 Nb6 18. h3 Nc6 19. Qb5 Qxb5 20. Bxb5 Ne5 21. Rxd8 Rxd8 22. Rd1 Rxd1+ {½-½ (22) Cramling,P (2425)-Gaprindashvili,N (2455) Biel 1988}) 15. Nc4 $14 Qc7 16. dxc5 Bd5 ({Besser ist} 16... b6 $14) 17. b4 Bxc4 18. Bxc4 a5 19. a3 $36 {[%cal Ba2a3,Ba3b4,Bb4b5][%mdl 2080] Weiss ist am Drücker.} ({Viel schwächer ist} 19. Nb5 $6 Qe5 $14) 19... axb4 20. axb4 b6 21. Nb5 {[%cal Bc3b5,Bb5d4,Bd4f3,Bf3e5][%mdl 32]} Qe5 22. cxb6 Rab8 {[#]} 23. Nd4 $1 Rxb6 24. b5 Rc8 25. Qa2 g5 26. Rc1 Kg7 27. Nf3 Qe4 28. Be2 Rxc1 29. Rxc1 Nf5 $2 {[#]} (29... g4 {kämpft weiter.}) 30. Qb2 $18 Qd5 31. Rd1 {Weiß steht klar auf Gewinn.} Qb7 32. Ne5 Nd6 33. Ng4 Nde4 34. f3 h5 35. Nxf6 Nxf6 36. Qe5 {Precision: Weiß = 92%, Schwarz = 37%.} 1-0